[Event "43rd IT Bosna 2013 - A"]
[Site "Sarajevo"]
[Date "2013.06.02"]
[Round "3.12"]
[White "Antipov, Mikhail"]
[Black "Sutkovic, Damir"]
[Result "1-0"]
[WhiteElo "2478"]
[BlackElo "2331"]
[PlyCount "67"]
[EventDate "2013.06.01"]

1. e4 c5 2. Nf3 e6 3. b3 Nf6 4. e5 Nd5 5. Bb2 b6 6. g3 Be7 7. Bg2 Bb7 8. O-O
O-O 9. d4 d6 10. c4 Nc7 11. exd6 Bxd6 12. Nc3 cxd4 13. Qxd4 Nc6 14. Qe4 Rb8 15.
Rad1 Qe7 16. Qb1 Ne5 17. Nxe5 Bxg2 18. Kxg2 Bxe5 19. Rfe1 Bf6 20. Qc1 Rfd8 21.
Ba3 Rxd1 22. Rxd1 Qe8 23. Ne4 Qc6 24. f3 Ne8 25. Qd2 h6 26. Qd7 Qa8 27. Bc1 Be5
28. Qb5 Bf6 29. Rd7 Rd8 30. Bxh6 a6 31. Rxd8 Qxd8 32. Qc6 Bd4 33. Bg5 Nf6 34.
h4 1-0

[Event "43rd IT Bosna 2013 - A"]
[Site "Sarajevo"]
[Date "2013.06.02"]
[Round "3.13"]
[White "Nestorovic, Dejan"]
[Black "Nestorovic, Lazar"]
[Result "1/2-1/2"]
[WhiteElo "2428"]
[BlackElo "2380"]
[PlyCount "23"]
[EventDate "2013.06.01"]

1. e4 Nc6 2. Nf3 d6 3. d4 g6 4. Bb5 a6 5. Bxc6+ bxc6 6. O-O Bg7 7. Nc3 Nf6 8.
h3 O-O 9. Re1 Nd7 10. Bg5 a5 11. Qd2 Ba6 12. Rad1 1/2-1/2

[Event "43rd IT Bosna 2013 - A"]
[Site "Sarajevo"]
[Date "2013.06.02"]
[Round "3.14"]
[White "Rasidovic, Sead"]
[Black "Haznedaroglu, Kivanc"]
[Result "0-1"]
[WhiteElo "2381"]
[BlackElo "2427"]
[PlyCount "98"]
[EventDate "2013.06.01"]

1. f4 d5 2. e3 c5 3. Nf3 Nf6 4. Be2 g6 5. O-O Bg7 6. Qe1 Nc6 7. Bb5 Qb6 8. Na3
a6 9. Be2 O-O 10. d3 Qc7 11. c4 e5 12. cxd5 Nxd5 13. fxe5 Nxe5 14. Nxe5 Bxe5
15. Qh4 b5 16. Nc2 Be6 17. Ne1 Qd8 18. Qf2 Bg7 19. a3 Rc8 20. Nf3 Nb6 21. Ne1
Na4 22. Bd1 Qd7 23. Qe2 Rfe8 24. Rf2 Rcd8 25. Qf1 h6 26. Bxa4 bxa4 27. Rc2 Qb5
28. Bd2 Bf5 29. Bc3 Bxc3 30. Rxc3 Qxb2 31. Rac1 Rxe3 32. R1c2 Qa1 33. Rc1 Qa2
34. Qf2 Qe6 35. Rxc5 Re2 36. Qg3 Re8 37. Nc2 Qb6 38. Nd4 R2e3 39. Qf2 Bxd3 40.
Rc8 R3e7 41. R8c6 Qa7 42. R6c3 Bb5 43. Rc5 Re4 44. h3 Qb6 45. Nf3 Qf6 46. R5c3
Re2 47. Qg3 Qb6+ 48. Kh1 Qf2 49. Qg4 Bd7 0-1

[Event "43rd IT Bosna 2013 - A"]
[Site "Sarajevo"]
[Date "2013.06.03"]
[Round "4.1"]
[White "Erdos, Viktor"]
[Black "Papp, Gabor"]
[Result "1/2-1/2"]
[WhiteElo "2645"]
[BlackElo "2582"]
[PlyCount "46"]
[EventDate "2013.06.01"]

1. c4 Nf6 2. d4 e6 3. Nf3 b6 4. g3 Ba6 5. b3 Bb4+ 6. Bd2 Be7 7. Bg2 c6 8. O-O
d5 9. Qc2 Nbd7 10. Rd1 O-O 11. Bf4 Rc8 12. Nc3 Qe8 13. e4 dxc4 14. Nd2 e5 15.
dxe5 Ng4 16. Nxc4 Bxc4 17. bxc4 Bc5 18. Rd2 Ndxe5 19. Na4 Bxf2+ 20. Rxf2 Nxf2
21. Kxf2 Rd8 22. Nb2 Qe7 23. Kg1 g5 1/2-1/2

[Event "43rd IT Bosna 2013 - A"]
[Site "Sarajevo"]
[Date "2013.06.03"]
[Round "4.2"]
[White "Kovacevic, Aleksandar"]
[Black "Grandelius, Nils"]
[Result "1/2-1/2"]
[WhiteElo "2557"]
[BlackElo "2544"]
[PlyCount "55"]
[EventDate "2013.06.01"]

1. e4 c5 2. Nf3 d6 3. d4 cxd4 4. Nxd4 Nf6 5. Nc3 a6 6. Be3 e6 7. f3 b5 8. Qd2
b4 9. Nd1 Be7 10. c3 bxc3 11. Nxc3 Bb7 12. Bc4 Nc6 13. Nxc6 Bxc6 14. Rc1 O-O
15. O-O Qb8 16. Rfd1 Rd8 17. Qc2 Qb7 18. Qb3 Rac8 19. Qb6 Nd7 20. Qxb7 Bxb7 21.
Bf1 g5 22. Na4 Rc6 23. Rxc6 Bxc6 24. b3 Bxa4 25. bxa4 Nc5 26. Bxc5 dxc5 27.
Rxd8+ Bxd8 28. Bxa6 1/2-1/2

[Event "43rd IT Bosna 2013 - A"]
[Site "Sarajevo"]
[Date "2013.06.03"]
[Round "4.4"]
[White "Markus, Robert"]
[Black "Nestorovic, Nikola"]
[Result "1-0"]
[WhiteElo "2611"]
[BlackElo "2405"]
[PlyCount "84"]
[EventDate "2013.06.01"]

1. d4 Nf6 2. c4 e6 3. Nf3 b6 4. g3 Bb4+ 5. Bd2 Bxd2+ 6. Qxd2 Ba6 7. Na3 d5 8.
Bg2 c6 9. Rc1 O-O 10. Ne5 Nfd7 11. Nd3 Nf6 12. O-O Qe7 13. b4 Nbd7 14. Qb2 Rac8
15. b5 Bb7 16. bxc6 Bxc6 17. Nb5 Nb8 18. Ne5 Ba8 19. Rc2 a6 20. Nc3 Nbd7 21.
cxd5 Nxe5 22. dxe5 Nxd5 23. Nxd5 Bxd5 24. Rxc8 Rxc8 25. Bxd5 exd5 26. Qxb6 Qxe5
27. Qxa6 Re8 28. Rc1 Qf5 29. Qc6 Qe4 30. e3 h5 31. h4 g6 32. Qf6 Qa4 33. Rc7
Rf8 34. Qb2 Ra8 35. Rb7 d4 36. Rb8+ Rxb8 37. Qxb8+ Kh7 38. Qb3 Qd7 39. exd4 f6
40. d5 g5 41. hxg5 fxg5 42. Qf3 Qe7 1-0

[Event "43rd IT Bosna 2013 - A"]
[Site "Sarajevo"]
[Date "2013.06.03"]
[Round "4.5"]
[White "Kadric, Denis"]
[Black "Kozul, Zdenko"]
[Result "0-1"]
[WhiteElo "2460"]
[BlackElo "2606"]
[PlyCount "84"]
[EventDate "2013.06.01"]

1. e4 c5 2. Nc3 Nc6 3. f4 g6 4. Nf3 Bg7 5. Bb5 Nd4 6. O-O Nxb5 7. Nxb5 d5 8. e5
d4 9. c3 a6 10. Na3 d3 11. Nc4 Nh6 12. b3 b5 13. Ne3 Bb7 14. Qe1 Nf5 15. Ba3
Rc8 16. Nxf5 gxf5 17. Qe3 Rg8 18. Bxc5 Bh6 19. Bd4 Rg4 20. Ne1 e6 21. h3 Rg6
22. Kh2 Qd5 23. g3 Kd7 24. Rg1 Rcg8 25. Nxd3 Rxg3 26. Qxg3 Rxg3 27. Rxg3 Kc7
28. Be3 Bf8 29. Nf2 h5 30. c4 bxc4 31. Rc1 h4 32. Rxc4+ Bc6 33. Rg1 Ba3 34. Rg7
Kc8 35. Rd4 Qf3 36. b4 Bd5 37. Rg1 Kb7 38. Rd3 Bxb4 39. a3 Ba5 40. Rb1+ Kc6 41.
Rc1+ Kd7 42. Rg1 Bxd2 0-1

[Event "43rd IT Bosna 2013 - A"]
[Site "Sarajevo"]
[Date "2013.06.03"]
[Round "4.7"]
[White "Predojevic, Borki"]
[Black "Burovic, Ismet"]
[Result "1-0"]
[WhiteElo "2616"]
[BlackElo "2351"]
[PlyCount "51"]
[EventDate "2013.06.01"]

1. e4 c6 2. d4 d5 3. e5 Bf5 4. h4 h6 5. g4 Bd7 6. Nc3 h5 7. gxh5 Nh6 8. Bg5 Qa5
9. Qd2 b5 10. Nge2 Na6 11. Nf4 Nc7 12. Bd3 Ne6 13. Nxe6 Bxe6 14. Ne2 Qxd2+ 15.
Kxd2 Nf5 16. c3 f6 17. Nf4 Bc8 18. e6 Nd6 19. Rae1 Ne4+ 20. Rxe4 dxe4 21. Bxe4
Bb7 22. Ng6 Rxh5 23. Bf3 Rh7 24. Bf4 a5 25. Ke3 f5 26. Bg5 1-0

[Event "43rd IT Bosna 2013 - A"]
[Site "Sarajevo"]
[Date "2013.06.03"]
[Round "4.8"]
[White "Djukic, Nikola"]
[Black "Antipov, Mikhail"]
[Result "0-1"]
[WhiteElo "2539"]
[BlackElo "2478"]
[PlyCount "66"]
[EventDate "2013.06.01"]

1. e4 c5 2. Nf3 d6 3. d4 cxd4 4. Nxd4 Nf6 5. Nc3 g6 6. Be3 Bg7 7. f3 O-O 8. Bc4
Nc6 9. Bb3 Bd7 10. h4 h5 11. Qe2 Na5 12. O-O-O a6 13. g4 e5 14. Nf5 Nxb3+ 15.
axb3 gxf5 16. gxf5 Bb5 17. Qg2 Kh7 18. Rh3 Rg8 19. Rg3 Qf8 20. Rg1 Bh6 21. Bg5
Nd7 22. Kb1 Bc6 23. Qd2 f6 24. f4 fxg5 25. hxg5 exf4 26. Qxf4 Qf6 27. Ne2 Ne5
28. Nd4 Ng4 29. Ne6 Bxg5 30. Qxd6 Rad8 31. Qc5 Be3 32. Rxe3 Nxe3 33. Rh1 Rd1+
0-1

[Event "43rd IT Bosna 2013 - A"]
[Site "Sarajevo"]
[Date "2013.06.03"]
[Round "4.9"]
[White "Stojanovic, Dalibor"]
[Black "Tomic, Bosko"]
[Result "1-0"]
[WhiteElo "2514"]
[BlackElo "2430"]
[PlyCount "75"]
[EventDate "2013.06.01"]

1. e4 c5 2. Nf3 d6 3. d4 cxd4 4. Nxd4 Nf6 5. Nc3 Nc6 6. f3 e5 7. Nb3 Be6 8. Nd5
Bxd5 9. exd5 Ne7 10. Bg5 Qb6 11. a4 a6 12. a5 Qa7 13. c4 h6 14. Bh4 Qe3+ 15.
Be2 Nf5 16. Bf2 Qg5 17. g3 e4 18. Nd4 Be7 19. Nxf5 Qxf5 20. O-O exf3 21. Bxf3
O-O 22. Bd4 Qc8 23. Qd3 Qd8 24. Bd1 g6 25. Bc2 Nd7 26. Rxf7 Rxf7 27. Qxg6+ Kf8
28. Qxh6+ Ke8 29. Bg6 Bf6 30. Re1+ Ne5 31. Bxe5 dxe5 32. Qh7 Qe7 33. d6 Qf8 34.
Rf1 Kd7 35. Bxf7 Qxd6 36. Bh5+ Kc6 37. Bf3+ Kc5 38. Rd1 1-0

[Event "43rd IT Bosna 2013 - A"]
[Site "Sarajevo"]
[Date "2013.06.03"]
[Round "4.11"]
[White "Cabarkapa, Novak"]
[Black "Nestorovic, Dejan"]
[Result "1/2-1/2"]
[WhiteElo "2341"]
[BlackElo "2428"]
[PlyCount "81"]
[EventDate "2013.06.01"]

1. e4 c5 2. Nc3 a6 3. f4 e6 4. g3 b5 5. Bg2 Bb7 6. d3 d5 7. Qe2 Nf6 8. e5 Nfd7
9. f5 b4 10. fxe6 fxe6 11. Nd1 Nc6 12. Nf3 Qc7 13. Bf4 h6 14. h4 O-O-O 15. Bh3
Re8 16. Ne3 Nd4 17. Nxd4 cxd4 18. Ng4 Be7 19. h5 Kb8 20. Nh2 Bc5 21. Nf3 Nf8
22. Nh4 Be7 23. Ng6 Nxg6 24. hxg6 Bc8 25. O-O h5 26. Rac1 h4 27. g4 Qa5 28. Bd2
Qc5 29. Rf7 Bd7 30. Rxg7 Rhg8 31. Rxg8 Rxg8 32. Qf2 Be8 33. c3 dxc3 34. bxc3
bxc3 35. Rxc3 Qxf2+ 36. Kxf2 Bxg6 37. Ke2 Kb7 38. Rb3+ Kc6 39. Be3 Bd8 40. Rb8
Re8 41. Ra8 1/2-1/2

[Event "43rd IT Bosna 2013 - A"]
[Site "Sarajevo"]
[Date "2013.06.03"]
[Round "4.12"]
[White "Haznedaroglu, Kivanc"]
[Black "Batricevic, Sasa"]
[Result "1-0"]
[WhiteElo "2427"]
[BlackElo "2252"]
[PlyCount "45"]
[EventDate "2013.06.01"]

1. e4 c5 2. Nf3 Nc6 3. d4 cxd4 4. Nxd4 e5 5. Nb5 a6 6. Nd6+ Bxd6 7. Qxd6 Qf6 8.
Qd2 Qg6 9. Nc3 d5 10. Nxd5 Qxe4+ 11. Be2 Qxg2 12. Nc7+ Kf8 13. Rf1 Rb8 14. b3
Nge7 15. Ba3 Qxh2 16. O-O-O Qf4 17. Bxe7+ Kg8 18. Qxf4 exf4 19. Bd6 g5 20. Rg1
h6 21. Bxf4 Kh7 22. Bxg5 hxg5 23. Rxg5 1-0

[Event "43rd IT Bosna 2013 - A"]
[Site "Sarajevo"]
[Date "2013.06.03"]
[Round "4.13"]
[White "Forsberg, Viktor"]
[Black "Bejtovic, Jasmin"]
[Result "0-1"]
[WhiteElo "2286"]
[BlackElo "2397"]
[PlyCount "258"]
[EventDate "2013.06.01"]

1. d4 Nf6 2. c4 e6 3. Nf3 d5 4. Nc3 c5 5. cxd5 exd5 6. g3 Nc6 7. Bg2 Be7 8. O-O
O-O 9. Bf4 c4 10. Ne5 Bf5 11. Bg5 Be6 12. e3 h6 13. Bxf6 Bxf6 14. f4 Ne7 15.
Ng4 Bxg4 16. Qxg4 Qd6 17. Qh5 g6 18. Qf3 Rad8 19. g4 a6 20. Kh1 b5 21. a3 Qb6
22. Qh3 Kg7 23. Bf3 Qe6 24. Rae1 h5 25. f5 hxg4 26. Bxg4 Qd6 27. Re2 Rh8 28.
Qf3 g5 29. Rg2 Rh4 30. h3 Ng8 31. Qg3 Qxg3 32. Rxg3 Ne7 33. Rg2 Rhh8 34. Ne2
Rhe8 35. Ng3 Ng8 36. Rf3 a5 37. Nh5+ Kf8 38. Rfg3 b4 39. axb4 axb4 40. Bd1 Re4
41. Bc2 Rh4 42. Bd1 Ra8 43. Bf3 Ra1+ 44. Rg1 Ra2 45. Rb1 Be7 46. Bg4 Nh6 47.
Kg1 Rxh5 48. Rf1 Nxf5 49. Bxf5 Rh6 50. Rg2 Rf6 51. Rgf2 b3 52. e4 dxe4 53. Bxe4
Rxf2 54. Rxf2 Ra1+ 55. Rf1 Ra5 56. Rc1 f5 57. Rf1 f4 58. Rc1 Ra2 59. Rxc4 Rxb2
60. Rc8+ Kg7 61. Rc7 Kf8 62. Rc8+ Kf7 63. Rb8 Ke6 64. Bh7 Bf6 65. Rxb3 Bxd4+
66. Kh1 Rf2 67. Be4 Be3 68. Bb7 Kf6 69. Bc8 Rc2 70. Bg4 Ke5 71. Rb5+ Bc5 72.
Rb3 Kd4 73. Rf3 Rb2 74. Rf1 Ke5 75. Bf3 Bf2 76. Kg2 Bg3+ 77. Kg1 Kd4 78. Bg4
Bh2+ 79. Kh1 Bg3 80. Kg1 Ke3 81. Rf3+ Kd2 82. Rf1 Be1 83. Rf3 Rb1 84. Kg2 Bg3
85. Rf1 Rb2 86. Kg1 Ra2 87. Rf3 Rb2 88. Rf1 Ke3 89. Rf3+ Ke4 90. Rf1 Rb3 91.
Kg2 Bh4 92. Bf3+ Ke5 93. Bg4 Rg3+ 94. Kh2 Ke4 95. Re1+ Kd3 96. Rg1 Re3 97. Rf1
Kd2 98. Rd1+ Kc2 99. Rf1 Be1 100. Rf3 Re2+ 101. Kg1 Kd2 102. Rf1 Re5 103. Kg2
Kc2 104. Rf3 Bd2 105. Rf1 Kd3 106. Rf3+ Be3 107. Rf1 Rb5 108. Rd1+ Bd2 109. Rf1
Rb2 110. Rf2 Ra2 111. Bh5 Ra1 112. Bg6+ Kc3 113. Rf1 Ra6 114. Bh5 Be3 115. Bg4
Ra2+ 116. Kh1 Kd4 117. Bf3 Bf2 118. Bg4 Ke3 119. Rb1 Bg3 120. Rf1 Rf2 121. Re1+
Kd2 122. Rd1+ Kc2 123. Ra1 Kb2 124. Rd1 f3 125. Bxf3 Rxf3 126. Kg2 Re3 127. Rf1
Bh4 128. Kh2 Re2+ 129. Kh1 Re1 0-1

[Event "43rd IT Bosna 2013 - A"]
[Site "Sarajevo"]
[Date "2013.06.03"]
[Round "4.14"]
[White "Sutkovic, Damir"]
[Black "Mestrovic, Zvonimir"]
[Result "1-0"]
[WhiteElo "2331"]
[BlackElo "2327"]
[PlyCount "109"]
[EventDate "2013.06.01"]

1. d4 Nc6 2. Nf3 d6 3. c4 e5 4. d5 Nb8 5. e4 Be7 6. h3 Nf6 7. Nc3 O-O 8. Be3
Nbd7 9. g4 a5 10. Be2 b6 11. g5 Nh5 12. Qd2 g6 13. O-O-O Nc5 14. Rdg1 f5 15.
gxf6 Bxf6 16. Nxe5 Bxe5 17. Bxh5 Qf6 18. Qc2 a4 19. a3 Kh8 20. Be2 Bf4 21. Bxf4
Qxf4+ 22. Kb1 Bd7 23. f3 Nb3 24. Qd3 Rae8 25. Rd1 Re5 26. Nb5 Bxb5 27. cxb5 Nc5
28. Qd4 Kg8 29. Rdg1 Rh5 30. Ka2 Qf6 31. Qd2 Qf4 32. Qd4 Qe5 33. Qd1 Rh4 34.
Rg4 Rf4 35. Qe1 Rfxg4 36. hxg4 Rxh1 37. Qxh1 Kg7 38. Qh4 g5 39. Qf2 Kf6 40. Qe3
Nb3 41. Bd1 Qd4 42. Qe1 Nc1+ 43. Kb1 Qxb2+ 44. Kxb2 Nd3+ 45. Kc3 Nxe1 46. Kd4
h6 47. e5+ dxe5+ 48. Ke4 Ng2 49. Bxa4 Nf4 50. Bd1 Ng6 51. d6 cxd6 52. Kd5 Ke7
53. Kc6 e4 54. fxe4 Ne5+ 55. Kxb6 1-0

[Event "43rd IT Bosna 2013 - A"]
[Site "Sarajevo"]
[Date "2013.06.04"]
[Round "5.1"]
[White "Papp, Gabor"]
[Black "Banusz, Tamas"]
[Result "1/2-1/2"]
[WhiteElo "2582"]
[BlackElo "2592"]
[PlyCount "50"]
[EventDate "2013.06.01"]

1. e4 c5 2. Nf3 Nc6 3. d4 cxd4 4. Nxd4 Nf6 5. Nc3 e5 6. Ndb5 d6 7. Bg5 a6 8.
Na3 b5 9. Nd5 Be7 10. Bxf6 Bxf6 11. c3 O-O 12. Nc2 Bg5 13. a4 bxa4 14. Rxa4 a5
15. Bb5 Ne7 16. Ncb4 Bd7 17. Nxe7+ Bxe7 18. Bxd7 axb4 19. Bc6 Rxa4 20. Qxa4
bxc3 21. bxc3 Qc7 22. c4 Rb8 23. O-O Bg5 24. Bd5 Bd2 25. Rd1 Bc3 1/2-1/2

[Event "43rd IT Bosna 2013 - A"]
[Site "Sarajevo"]
[Date "2013.06.04"]
[Round "5.2"]
[White "Grandelius, Nils"]
[Black "Erdos, Viktor"]
[Result "1/2-1/2"]
[WhiteElo "2544"]
[BlackElo "2645"]
[PlyCount "55"]
[EventDate "2013.06.01"]

1. e4 e5 2. Nf3 Nc6 3. Bb5 Nf6 4. d3 Bc5 5. c3 O-O 6. O-O d6 7. Nbd2 Ne7 8. d4
exd4 9. cxd4 Bb6 10. Re1 Bg4 11. h3 Bh5 12. Qb3 Bg6 13. Bd3 Re8 14. a4 c6 15.
Qc2 Rc8 16. Nb3 c5 17. dxc5 Nd7 18. Bb5 a6 19. Bxd7 Qxd7 20. Qd1 Bxc5 21. Nxc5
Rxc5 22. b3 Rcc8 23. Ne5 Qc7 24. Nc4 d5 25. exd5 Nxd5 26. Rxe8+ Rxe8 27. Bb2
Rd8 28. Qf3 1/2-1/2

[Event "43rd IT Bosna 2013 - A"]
[Site "Sarajevo"]
[Date "2013.06.04"]
[Round "5.5"]
[White "Antipov, Mikhail"]
[Black "Predojevic, Borki"]
[Result "1-0"]
[WhiteElo "2478"]
[BlackElo "2616"]
[PlyCount "93"]
[EventDate "2013.06.01"]

1. e4 d6 2. d4 Nf6 3. Bd3 e5 4. c3 Nc6 5. Nf3 g6 6. O-O Bg7 7. h3 O-O 8. Re1
Bd7 9. Be3 a5 10. Nbd2 Re8 11. a3 a4 12. Qc2 h6 13. Rad1 Nh5 14. dxe5 Nxe5 15.
Be2 Nf6 16. Nd4 Nc6 17. Bc4 Ra5 18. Ba2 Qc8 19. Nxc6 bxc6 20. Bc4 Rae5 21. Bf4
R5e7 22. Qxa4 d5 23. Bd3 Bxh3 24. gxh3 Qxh3 25. Bg3 dxe4 26. Nxe4 Nh5 27. Re3
Qg4 28. Rde1 Qc8 29. Qxc6 Re6 30. Qc5 Kh8 31. Nd2 Nxg3 32. Rxe6 Rxe6 33. Rxe6
Qxe6 34. fxg3 Qa2 35. Qb4 Qd5 36. Qe4 Qg5 37. Nf1 f5 38. Qe3 Qg4 39. Be2 Qa4
40. Bf3 h5 41. Qe6 Kh7 42. Bc6 Qa7+ 43. Kg2 Qb6 44. b4 Bxc3 45. Ne3 Bg7 46. Nd5
Qd4 47. Nf4 1-0

[Event "43rd IT Bosna 2013 - A"]
[Site "Sarajevo"]
[Date "2013.06.04"]
[Round "5.6"]
[White "Can, Emre"]
[Black "Stojanovic, Dalibor"]
[Result "1/2-1/2"]
[WhiteElo "2475"]
[BlackElo "2514"]
[PlyCount "84"]
[EventDate "2013.06.01"]

1. d4 d5 2. Nf3 Nf6 3. c4 c6 4. Nc3 dxc4 5. a4 Bf5 6. Ne5 e6 7. f3 c5 8. e4 Bg6
9. Be3 cxd4 10. Qxd4 Qxd4 11. Bxd4 Nfd7 12. Nxd7 Nxd7 13. Bxc4 Rc8 14. Bb3 a6
15. Rd1 Nb8 16. h4 h5 17. a5 Nc6 18. Ba4 f6 19. Bb6 Bb4 20. Bxc6+ bxc6 21. Kf2
Bxc3 22. bxc3 O-O 23. Rd7 e5 24. Rhd1 f5 25. Ra7 fxe4 26. Rdd7 Rf7 27. Rxf7
Bxf7 28. fxe4 Bc4 29. Re7 Rf8+ 30. Ke3 Bf1 31. Rxe5 Bxg2 32. Rg5 Rf3+ 33. Ke2
Bh1 34. Bd4 Rf4 35. Rxg7+ Kf8 36. Ra7 Rxe4+ 37. Kd2 Rxh4 38. Rxa6 Ke7 39. Bc5+
Ke6 40. Ra8 Kd5 41. Bf2 Ra4 42. Rd8+ Kc4 1/2-1/2

[Event "43rd IT Bosna 2013 - A"]
[Site "Sarajevo"]
[Date "2013.06.04"]
[Round "5.8"]
[White "Nestorovic, Nikola"]
[Black "Kadric, Denis"]
[Result "1/2-1/2"]
[WhiteElo "2405"]
[BlackElo "2460"]
[PlyCount "76"]
[EventDate "2013.06.01"]

1. e4 c5 2. Nf3 d6 3. d4 cxd4 4. Nxd4 Nf6 5. Nc3 Bd7 6. f3 e5 7. Nb3 Be7 8. Be3
O-O 9. Qd2 a5 10. a4 Na6 11. Bb5 Be6 12. Nd5 Bxd5 13. exd5 Nb4 14. c4 b6 15.
O-O Na6 16. Bxa6 Rxa6 17. Qe2 Ra8 18. Nd2 Nd7 19. Rfb1 Bg5 20. Bf2 Bxd2 21.
Qxd2 Qc7 22. Rc1 Nc5 23. Ra3 Na6 24. Rb3 Nb4 25. Qe3 Ra6 26. Ra3 Rc8 27. Raa1
f5 28. Be1 Qc5 29. Qxc5 bxc5 30. Bxb4 cxb4 31. b3 Kf7 32. Ra2 Ra7 33. Rac2 Rc5
34. Kf2 Re7 35. g3 Kf6 36. h4 g6 37. Re2 Rc8 38. Rce1 Rc5 1/2-1/2

[Event "43rd IT Bosna 2013 - A"]
[Site "Sarajevo"]
[Date "2013.06.04"]
[Round "5.9"]
[White "Bejtovic, Jasmin"]
[Black "Haznedaroglu, Kivanc"]
[Result "0-1"]
[WhiteElo "2397"]
[BlackElo "2427"]
[PlyCount "64"]
[EventDate "2013.06.01"]

1. Nf3 Nf6 2. c4 c6 3. e3 d5 4. Qc2 e6 5. b3 Nbd7 6. Bb2 Bd6 7. h3 O-O 8. Nc3
Qe7 9. g4 Ba3 10. Bxa3 Qxa3 11. g5 Ne8 12. d4 Qe7 13. Bd3 g6 14. O-O-O a5 15.
h4 a4 16. bxa4 dxc4 17. Bxc4 b5 18. Bb3 Bb7 19. Ne5 Nxe5 20. dxe5 bxa4 21. Bc4
c5 22. Rh3 Ng7 23. f4 Rfd8 24. Rxd8+ Qxd8 25. Rh2 Qa5 26. Bd3 c4 27. Bf1 Nf5
28. Rh3 a3 29. h5 Rd8 30. Bxc4 Bg2 31. hxg6 Bxh3 32. gxf7+ Kg7 0-1

[Event "43rd IT Bosna 2013 - A"]
[Site "Sarajevo"]
[Date "2013.06.04"]
[Round "5.11"]
[White "Tomic, Bosko"]
[Black "Cabarkapa, Novak"]
[Result "1/2-1/2"]
[WhiteElo "2430"]
[BlackElo "2341"]
[PlyCount "64"]
[EventDate "2013.06.01"]

1. c4 Nf6 2. g3 g6 3. Bg2 d5 4. cxd5 Nxd5 5. Nc3 Nb6 6. Nf3 Bg7 7. d3 O-O 8. h4
h5 9. Bg5 Nc6 10. Qd2 Bf5 11. Bh6 e5 12. Bxg7 Kxg7 13. Ng5 Qd7 14. Nce4 Qe7 15.
Nc3 Nd8 16. Qe3 c6 17. f4 Re8 18. O-O exf4 19. Qxf4 Ne6 20. Nxe6+ Qxe6 21. Rf2
Qe3 22. Qxe3 Rxe3 23. Bf3 Rh8 24. Kg2 Re7 25. Rff1 Be6 26. b4 Rd8 27. Kf2 Nd5
28. Bxd5 Bxd5 29. a4 Be6 30. Rfd1 Bg4 31. Rd2 Rd6 32. Rc1 Rd4 1/2-1/2

[Event "43rd IT Bosna 2013 - A"]
[Site "Sarajevo"]
[Date "2013.06.04"]
[Round "5.12"]
[White "Burovic, Ismet"]
[Black "Sutkovic, Damir"]
[Result "1/2-1/2"]
[WhiteElo "2351"]
[BlackElo "2331"]
[PlyCount "115"]
[EventDate "2013.06.01"]

1. e4 c5 2. d3 Nc6 3. g3 d5 4. Nd2 Nf6 5. Bg2 Bg4 6. f3 Bd7 7. f4 Bg4 8. Ngf3
dxe4 9. dxe4 e5 10. h3 Bxf3 11. Qxf3 Nd4 12. Qd1 Qc7 13. c3 Nc6 14. Nc4 Rd8 15.
Qe2 Bd6 16. O-O O-O 17. f5 Be7 18. g4 h6 19. Ne3 Qd6 20. h4 Nh7 21. Qf2 Qf6 22.
g5 hxg5 23. Nd5 Qd6 24. hxg5 Nxg5 25. f6 Bxf6 26. Qg3 Nh7 27. Bh6 g6 28. Bxf8
Kxf8 29. Qf3 Kg7 30. Rad1 Qe6 31. Nc7 Qc8 32. Rxd8 Qxd8 33. Nd5 Qd6 34. Rd1 Qb8
35. Qf2 b6 36. Bh3 Bg5 37. Rf1 Nd8 38. Qg3 Nc6 39. Bd7 Ne7 40. Rd1 Nxd5 41.
Rxd5 Bf4 42. Qf3 Nf6 43. Rd1 Qb7 44. Bb5 g5 45. Bc4 g4 46. Qg2 Qxe4 47. Qxe4
Nxe4 48. Rd7 Ng5 49. Rxa7 e4 50. Rb7 e3 51. Kg2 Kf6 52. a4 Nf3 53. Rxf7+ Ke5
54. Be2 Nh4+ 55. Kf1 g3 56. Rh7 g2+ 57. Kg1 Bg3 58. Rxh4 1/2-1/2

[Event "43rd IT Bosna 2013 - A"]
[Site "Sarajevo"]
[Date "2013.06.04"]
[Round "5.13"]
[White "Batricevic, Sasa"]
[Black "Rasidovic, Sead"]
[Result "1/2-1/2"]
[WhiteElo "2252"]
[BlackElo "2381"]
[PlyCount "20"]
[EventDate "2013.06.01"]

1. e4 e6 2. d4 d5 3. Nc3 Bb4 4. Nge2 dxe4 5. a3 Be7 6. Nxe4 Nc6 7. Be3 Nf6 8.
N2g3 O-O 9. Qd3 e5 10. dxe5 Nxe5 1/2-1/2

[Event "43rd IT Bosna 2013 - A"]
[Site "Sarajevo"]
[Date "2013.06.04"]
[Round "5.14"]
[White "Mestrovic, Zvonimir"]
[Black "Forsberg, Viktor"]
[Result "1/2-1/2"]
[WhiteElo "2327"]
[BlackElo "2286"]
[PlyCount "161"]
[EventDate "2013.06.01"]

1. d4 Nf6 2. Nc3 d5 3. Bg5 c5 4. e3 Nc6 5. Nf3 Bg4 6. Be2 e6 7. O-O Rc8 8. Ne5
Bxe2 9. Nxe2 Be7 10. Bxf6 Bxf6 11. Nxc6 Rxc6 12. c3 O-O 13. dxc5 Rxc5 14. Qb3
Qc7 15. Rfd1 g6 16. Qa4 b5 17. Qf4 Be5 18. Qh6 Rc8 19. Nd4 Qb6 20. a3 a5 21.
Qg5 Bg7 22. Nb3 h6 23. Qg3 R5c7 24. e4 a4 25. Nd4 Bxd4 26. cxd4 dxe4 27. h4 h5
28. Qe5 Rc2 29. Rab1 Qd8 30. Qxe4 Qd5 31. Qe3 Qa2 32. d5 exd5 33. Qd4 Qc4 34.
Qxd5 Qxh4 35. Rd2 R2c5 36. Qd7 Qg4 37. Qxg4 hxg4 38. Kh2 Rc4 39. Rd3 Rc2 40.
Kg3 R8c4 41. f3 gxf3 42. gxf3 Kg7 43. Rd5 Rc5 44. Rd4 R2c4 45. Rd3 Rg5+ 46. Kf2
b4 47. axb4 Rxb4 48. Ra3 Rf5 49. b3 axb3 50. Raxb3 Rbf4 51. Re1 g5 52. Kg3 Rh4
53. Rbe3 Rf6 54. Re5 Kg6 55. R5e4 Rxe4 56. Rxe4 Rd6 57. Re3 Rd4 58. Ra3 Rh4 59.
Rb3 Rh1 60. f4 Rg1+ 61. Kf2 Rg4 62. fxg5 Rxg5 63. Kf3 Rh5 64. Rb6+ Kg5 65. Rb5+
f5 66. Kg3 Rh8 67. Rb4 Rd8 68. Kf3 Rd3+ 69. Kf2 Ra3 70. Rc4 Rh3 71. Ra4 Rd3 72.
Rb4 Kf6 73. Ra4 Ke5 74. Rb4 f4 75. Rb8 Rd6 76. Re8+ Kf5 77. Rf8+ Ke5 78. Re8+
Re6 79. Rxe6+ Kxe6 80. Kf3 Ke5 81. Kf2 1/2-1/2

[Event "43rd IT Bosna 2013 - A"]
[Site "Sarajevo"]
[Date "2013.06.05"]
[Round "6.1"]
[White "Markus, Robert"]
[Black "Papp, Gabor"]
[Result "1/2-1/2"]
[WhiteElo "2611"]
[BlackElo "2582"]
[PlyCount "52"]
[EventDate "2013.06.01"]

1. d4 Nf6 2. Nf3 d5 3. Bf4 c5 4. e3 Nc6 5. c3 e6 6. Nbd2 Bd6 7. Bg3 O-O 8. Bd3
Qc7 9. dxc5 Bxg3 10. hxg3 e5 11. e4 h6 12. Qe2 Be6 13. exd5 Bxd5 14. Ne4 Bxe4
15. Bxe4 Rad8 16. b4 Nxe4 17. Qxe4 f5 18. Qc4+ Qf7 19. Qxf7+ Kxf7 20. Rd1 Rxd1+
21. Kxd1 e4 22. Nd2 Ne5 23. Ke2 Rd8 24. Nb3 Rd3 25. Rc1 g5 26. Nd2 h5 1/2-1/2

[Event "43rd IT Bosna 2013 - A"]
[Site "Sarajevo"]
[Date "2013.06.05"]
[Round "6.2"]
[White "Kovacevic, Aleksandar"]
[Black "Antipov, Mikhail"]
[Result "1/2-1/2"]
[WhiteElo "2557"]
[BlackElo "2478"]
[PlyCount "61"]
[EventDate "2013.06.01"]

1. c4 Nf6 2. Nc3 e6 3. e4 c5 4. e5 Ng8 5. Nf3 Nc6 6. d4 cxd4 7. Nxd4 Nxe5 8.
Ndb5 f6 9. Be3 a6 10. Nd6+ Bxd6 11. Qxd6 Ne7 12. Bb6 Nf5 13. Qb4 Qe7 14. c5 Nc6
15. Qf4 d5 16. cxd6 Qxd6 17. Qxd6 Nxd6 18. O-O-O Nf7 19. Bc4 O-O 20. Ne4 Nce5
21. Bb3 Nd7 22. Bc7 Re8 23. Rhe1 b5 24. f4 f5 25. Nd6 Nxd6 26. Bxd6 Nb6 27. Bc5
Nc4 28. Bxc4 bxc4 29. Rd6 Rb8 30. Bd4 Rb7 31. Bc3 1/2-1/2

[Event "43rd IT Bosna 2013 - A"]
[Site "Sarajevo"]
[Date "2013.06.05"]
[Round "6.3"]
[White "Banusz, Tamas"]
[Black "Erdos, Viktor"]
[Result "1/2-1/2"]
[WhiteElo "2592"]
[BlackElo "2645"]
[PlyCount "48"]
[EventDate "2013.06.01"]

1. d4 Nf6 2. c4 e6 3. g3 Bb4+ 4. Bd2 Be7 5. Bg2 d5 6. Nf3 O-O 7. O-O c6 8. Qc2
b6 9. Rd1 Nbd7 10. Bf4 Bb7 11. Nc3 dxc4 12. Nd2 Nd5 13. Nxc4 Nxf4 14. gxf4 Qc7
15. e3 Rad8 16. a4 Bb4 17. Na2 Be7 18. Nc3 Bb4 19. Ne4 c5 20. Ne5 Nxe5 21. dxe5
Bxe4 22. Bxe4 g6 23. Kg2 Rxd1 24. Rxd1 Rd8 1/2-1/2